Commercial Property (Record no. 118722)
[ view plain ]
| 000 -LEADER | |
|---|---|
| fixed length control field | 00581cas a22002055a 4500 |
| 001 - CONTROL NUMBER | |
| control field | L106021 |
| 008 - FIXED-LENGTH DATA ELEMENTS--GENERAL INFORMATION | |
| fixed length control field | 070704d19992003xxkqr p 0 a0eng u |
| 022 1# - INTERNATIONAL STANDARD SERIAL NUMBER | |
| International Standard Serial Number | 1461-2542 |
| 035 ## - SYSTEM CONTROL NUMBER | |
| System control number | (Sirsi) u106021 |
| 041 0# - LANGUAGE CODE | |
| Language code of text/sound track or separate title | eng |
| 245 00 - TITLE STATEMENT | |
| Title | Commercial Property |
| 260 ## - PUBLICATION, DISTRIBUTION, ETC. | |
| Place of publication, distribution, etc. | Welwyn Garden City |
| Name of publisher, distributor, etc. | CLT Professional Publishing |
| Date of publication, distribution, etc. | 1999- |
| 362 0# - DATES OF PUBLICATION AND/OR SEQUENTIAL DESIGNATION | |
| Dates of publication and/or sequential designation | 2(3/4) February 2000-5(3) 2003 |
| 520 ## - SUMMARY, ETC. | |
| Summary, etc. | Kept for five years |
| 554 ## - | |
| -- | Four per year |
| 651 #4 - SUBJECT ADDED ENTRY--GEOGRAPHIC NAME | |
| Geographic name | England and Wales |
| Chronological subdivision | 1543- |
| 690 ## - LOCAL SUBJECT ADDED ENTRY--TOPICAL TERM (OCLC, RLIN) | |
| Topical term or geographic name as entry element | PROPERTY-COMMERCIAL PROPERTY |
| 785 00 - SUCCEEDING ENTRY | |
| Title | Emis Property Service |
| International Standard Serial Number | 1740-5203 |
| 942 ## - ADDED ENTRY ELEMENTS (KOHA) | |
| Suppress in OPAC | 0 |
| Withdrawn status | Lost status | Source of classification or shelving scheme | Damaged status | Not for loan | Home library | Current library | Shelving location | Date acquired | Total Checkouts | Full call number | Barcode | Date last seen | Price effective from | Koha item type |
|---|---|---|---|---|---|---|---|---|---|---|---|---|---|---|
| Dewey Decimal Classification | London | London | Gallery | 28/07/2004 | EMIS PROPERTY SERVICE | 106021-1001 | 06/08/2019 | 06/08/2019 | Journal |